Otázky a odpovede k zákonu č. 318/1992 Zb. o dani z dedičstva, dani z darovania ...

Otázky a odpovede k zákonu č. 318/1992 Zb. o dani z dedičstva, dani z darovania a dani z prevodu a prechodu nehnuteľností v znení neskorších predpisov. Oznámenie MF SR zo dňa 1.júla 2002 o zrušení Opatrenia MF SR č. 62/6660/1996 zo dňa 19.03.1996 a Opatrenia MF SR č. 6/6-62/1997 zo dňa 16.06.1997.

Enregistré dans:
Détails bibliographiques
Format: Chapitre de livre
Langue:slovaque
Sujets:
Tags: Ajouter un tag
Pas de tags, Soyez le premier à ajouter un tag!

MARC

LEADER 00000naa a2200000 4500
001 r046585
005 20230927070557.3
041 0 |a slo 
044 |a SK 
245 1 0 |a Otázky a odpovede k zákonu č. 318/1992 Zb. o dani z dedičstva, dani z darovania ... 
520 |a Otázky a odpovede k zákonu č. 318/1992 Zb. o dani z dedičstva, dani z darovania a dani z prevodu a prechodu nehnuteľností v znení neskorších predpisov. Oznámenie MF SR zo dňa 1.júla 2002 o zrušení Opatrenia MF SR č. 62/6660/1996 zo dňa 19.03.1996 a Opatrenia MF SR č. 6/6-62/1997 zo dňa 16.06.1997. 
610 2 0 |a dane z dedičstva 
610 2 0 |a dane z darovania 
610 2 0 |a dane z prevodu a prechodu nehnuteľností